Introducción a la economía contemporánea / (Registro nro. 20596)
[ vista simple ]
| 000 -LEADER | |
|---|---|
| fixed length control field | 01280cam a2200325 i 4500 |
| 001 - CONTROL NUMBER | |
| control field | 20596 |
| 003 - CONTROL NUMBER IDENTIFIER | |
| control field | Mx-PuUPA |
| 005 - DATE AND TIME OF LATEST TRANSACTION | |
| control field | 20250930125658.0 |
| 008 - FIXED-LENGTH DATA ELEMENTS--GENERAL INFORMATION | |
| fixed length control field | 140415s1950 mx gr 001 0 spa d |
| 040 ## - CATALOGING SOURCE | |
| Original cataloging agency | Mx-PuUPA |
| Language of cataloging | spa |
| Transcribing agency | Mx-PuUPA |
| Modifying agency | Mx-PuUPA |
| Description conventions | rda |
| 041 1# - LANGUAGE CODE | |
| Language code of text/sound track or separate title | spa |
| Language code of original | eng |
| 100 1# - MAIN ENTRY--PERSONAL NAME | |
| 9 (RLIN) | 9940 |
| Personal name | Soulé, George, |
| Dates associated with a name | 1834-1926 |
| Relator term | autor |
| 240 10 - UNIFORM TITLE | |
| Uniform title | Introduction to economic science. |
| Language of a work | Español |
| 245 10 - TITLE STATEMENT | |
| Title | Introducción a la economía contemporánea / |
| Statement of responsibility, etc. | George Soule ; traducción de Cristóbal Lara Beautell |
| 246 38 - VARYING FORM OF TITLE | |
| Title proper/short title | G. Soule : |
| Remainder of title | economía contemporánea. |
| 250 ## - EDITION STATEMENT | |
| Edition statement | Primera edición |
| 264 #1 - PRODUCTION, PUBLICATION, DISTRIBUTION, MANUFACTURE, AND COPYRIGHT NOTICE | |
| Place of production, publication, distribution, manufacture | México, D.F. : |
| Name of producer, publisher, distributor, manufacturer | Fondo de Cultura Económica, |
| Date of production, publication, distribution, manufacture, or copyright notice | ©1950 |
| 300 ## - PHYSICAL DESCRIPTION | |
| Extent | 154 páginas ; |
| Dimensions | 18 cm |
| 336 ## - CONTENT TYPE | |
| Content type term | texto |
| Fuente | rdacontent |
| Content type code | txt |
| 337 ## - MEDIA TYPE | |
| Media type term | sin medio |
| Source | rdamedia |
| Media type code | n |
| 338 ## - CARRIER TYPE | |
| Carrier type term | volumen |
| Source | rdacarrier |
| Carrier type code | nc |
| 490 0# - SERIES STATEMENT | |
| Series statement | Breviarios del Fondo de Cultura Económica ; |
| Volume/sequential designation | 36 |
| 500 ## - GENERAL NOTE | |
| General note | Reimpresiones: (Primera, 1953) ; (Segunda, 1962) ; (Tercera, 1970). |
| 650 #7 - SUBJECT ADDED ENTRY--TOPICAL TERM | |
| Source of heading or term | armarc |
| Topical term or geographic name entry element | Economía |
| 700 1# - ADDED ENTRY--PERSONAL NAME | |
| Personal name | Lara Beautell, Cristóbal, |
| Relator term | traductor |
| 765 0# - ORIGINAL LANGUAGE ENTRY | |
| Main entry heading | Soulé, George, |
| Edition | Primera edición |
| Place, publisher, and date of publication | Nueva York : The Viking Press, ©1948 |
| Title | Introduction to economic science. |
| 942 ## - ADDED ENTRY ELEMENTS (KOHA) | |
| Source of classification or shelving scheme | Dewey Decimal Classification |
| Koha item type | Libro |
| Classification part | 330 |
| Item part | S7518 |
| Withdrawn status | Lost status | Source of classification or shelving scheme | Damaged status | Not for loan | Collection code | Home library | Current library | Shelving location | Date acquired | Source of acquisition | Total Checkouts | Full call number | Barcode | Date last seen | Copy number | Price effective from | Koha item type |
|---|---|---|---|---|---|---|---|---|---|---|---|---|---|---|---|---|---|
| Dewey Decimal Classification | General | Biblioteca Karol Wojtyla | Biblioteca Karol Wojtyla | Sala general | 03/12/2013 | Compra | 330 S7518 1950 | 40474 | 05/01/2026 | Ej.2 | 03/12/2013 | Libro | |||||
| Dewey Decimal Classification | General | Biblioteca Karol Wojtyla | Biblioteca Karol Wojtyla | Sala general | 03/12/2013 | Compra | 330 S7518 1950 | 41932 | 05/01/2026 | 03/12/2013 | Libro |